000 00319nam a22001337a 4500
008 171020b xxu||||| |||| 00| 0 eng d
020 _a9780324200812
041 _aeng
080 _25 ED
_a338
100 _a54
101 _aMEN
245 _aAPPLICATION IN HUMAN RESOURCE MANAGEMENT
_cFOTTLER.N
942 _2udc
_cBK
999 _c35029
_d35029